| 000 | 00893nam a2200253 a 4500 | ||
|---|---|---|---|
| 001 | 000025201 | ||
| 005 | 20240302073950.0 | ||
| 008 | 110211s2003 dr a 000 0bspa d | ||
| 020 | _a9945406019 | ||
| 040 |
_aDO-SdBNP _bspa _cBNPHU |
||
| 082 |
_a923.27293 _bP645c |
||
| 100 | 1 |
_aCassá, Roberto, _d1948- _910888 |
|
| 245 | 1 | 0 |
_aPedro Alejandrino Pina : _bel patriota incansable / _cRoberto Cassá. |
| 260 |
_aSanto Domingo : _bTobogán, _c2003. |
||
| 300 |
_a59 p. : _bil. ; _c22 cm. |
||
| 490 | 1 | _aBiografías dominicanas Tobogán ; | |
| 504 | _aBibliografía : p. 59 | ||
| 590 | _aInventariado, 2018/ YL | ||
| 600 | 1 | 4 |
_aPINA, PEDRO ALEJANDRINO, _d1820-1870 _951679 |
| 650 | 4 |
_aPolíticos _zRepública Dominicana _xBiografías _93019 |
|
| 651 | 4 |
_aRepública Dominicana _xBiografías _91325 |
|
| 830 | 0 |
_aBiografías dominicanas Tobogán _9769 |
|
| 910 | _aValidado. Control de calidad MFF | ||
| 999 |
_c24694 _d24694 |
||